The Show caves of mulu Sarawak

Bibliographic Details
Main Author: Tseh, Darrell N.C
Format: Book
Published: s.l. : s.n. , 1991
Subjects:

MARC

LEADER 00000cam a2200000 7i4500
001 0000006048
002 000006537
005 20000330.0
020 |a T000000530 
090 0 0 |a 551.447095953   |b TSE 
100 1 |a Tseh, Darrell N.C 
245 1 4 |a The Show caves of mulu Sarawak   |c Darrell N.C.Tsen 
260 |a s.l. :   |b s.n. ,   |c 1991 
300 |a p.v :   |b ill. ;   |c 30cm. 
630 0 0 |a Mulu Caves   |z Sarawak 
650 0 0 |a Caves   |z Sarawak   |z Malaysia 
999 |a 037879   |b BUKU   |c MALAYSIANA   |e PERPUSTAKAAN KOMUNITI PETALING JAYA